000 00292nam a2200121Ia 4500
008 241002s9999 xx 000 0 und d
082 _a824 HUX
100 _aHuxley, Alsous
245 4 _aThe door of perception heaven a hell
260 _aLondon:
_c1960
600 _aLiterature
942 _cUC
999 _c18888
_d18888